| 000 | 00412nam a2200169 4500 | ||
|---|---|---|---|
| 003 | LK-CoMWRAF | ||
| 005 | 20230829230823.0 | ||
| 008 | 230829b1983 |||||||| |||| 00| 0 eng d | ||
| 040 |
_aLK-CoMWRAF _dLK-CoMWRAF _eLK-CoMWRAF |
||
| 041 | _aeng | ||
| 082 |
_a823 _bBLY |
||
| 100 | _aEnid, Blyton | ||
| 245 | _aThe Secret mountain | ||
| 260 |
_aLondon _bBlackwell Ltd _c1983 |
||
| 650 | _aChild Stories | ||
| 942 | _cBK | ||
| 999 |
_c3303 _d3303 |
||